Minecraft blocks and items in Latin - Statistics

General Stats
  • This quiz has been taken 9 times
  • The average score is 12 of 36
Answer Stats
Hint Answer % Correct
Cactus Cactus
100%
Fungus brunneus Brown mushroom
86%
Lectrum Lectern
86%
Carota Carrot
71%
Glacies Ice
71%
Alga Kelp
71%
Liber Book
57%
Oculus araneae Spider eye
57%
Campana Bell
43%
Panis Bread
43%
Humus Dirt
43%
Ovum Egg
43%
Liber incantatus Enchanted book
43%
Gladius ferreus Iron sword
29%
Scutum Shield
29%
Filum String
29%
Lana alba White wool
29%
Incus Anvil
14%
Lectus niger Black bed
14%
Os Bone
14%
Arcus Bow
14%
Patera Bowl
14%
Cista Chest
14%
Frutex mortuus Dead bush
14%
Penna Feather
14%
Silex Flint
14%
Fornax Furnace
14%
Uter vitrei Glass bottle
14%
Galea aurea Golden helmet
14%
Vectes ferrei Iron bars
14%
Scala Ladder
14%
Corium Leather
14%
Lignum querceum Oak wood
14%
Papaver Poppy
14%
Cucurbita Pumpkin
14%
Nix Snow
14%
No matching quizzes found
Score Distribution
Percent of People with Each Score
Percentile by Number Answered
Your Score History
You have not taken this quiz